| 000 | 00817nam a22002658a 4500 | ||
|---|---|---|---|
| 001 | 015505648 | ||
| 003 | OSt | ||
| 005 | 20150421123341.0 | ||
| 006 | m||||f ||z| 00| 0 | ||
| 008 | 091210t2011 moua frb 001 0 eng d | ||
| 020 | _a9781437708776 | ||
| 082 | 0 | 4 |
_a617.693 _bBLO _222 |
| 100 | 1 |
_aBlock, Michael S. _932418 |
|
| 245 | 1 | 0 |
_aColor atlas of dental implant surgery / _cMichael S. Block. |
| 250 | _a3rd ed. | ||
| 260 |
_aMissouri : _bSaunders / Elsevier, _cc.2011. |
||
| 300 |
_axiv, 464 : _bill. (col.) ; _c28 cm. + _e1 DVD-ROM. |
||
| 500 | _aIndex : p. 455-464. | ||
| 504 | _aIncludes bibliographical references. | ||
| 650 | 0 |
_aDental implants _vAtlases _932419 _2BUEsh |
|
| 651 | _2BUEsh | ||
| 653 |
_bDDent _cFebruary2013 _cApril2015 |
||
| 655 |
_vreading book _934232 |
||
| 942 |
_2ddc _cDN _k617.693 BLO |
||
| 999 |
_c17239 _d17211 |
||